[Event "Team junior-boys chess final 2016"]
[Site "Sochi"]
[Date "2016.05.01"]
[Round "1.1"]
[White "Salemgareev, Tagir"]
[Black "Sokolov, Nikita Dm"]
[Result "1-0"]
[WhiteElo "2235"]
[BlackElo "2126"]
[PlyCount "93"]
[EventDate "2016.05.01"]

1. d4 Nf6 2. c4 g6 3. Nc3 d5 4. cxd5 Nxd5 5. e4 Nxc3 6. bxc3 Bg7 7. Bc4 c5 8.
Ne2 Nc6 9. Be3 O-O 10. O-O Bg4 11. f3 Na5 12. Bd3 cxd4 13. cxd4 Be6 14. d5 Bxa1
15. Qxa1 f6 16. Bh6 Re8 17. Kh1 a6 18. Rd1 Bf7 19. e5 Qxd5 20. Bxg6 Qxe5 21.
Bxf7+ Kxf7 22. Qb1 f5 23. Ng3 e6 24. f4 Qf6 25. Bg5 Qg6 26. h4 h5 27. Qb6 Nc4
28. Qc7+ Kg8 29. Qxc4 Rac8 30. Qe2 e5 31. fxe5 Rc5 32. Nxh5 Rcxe5 33. Qf3 Re1+
34. Rxe1 Rxe1+ 35. Kh2 Qd6+ 36. Bf4 Qd1 37. Qg3+ Kf7 38. Qg7+ Ke6 39. Qf6+ Kd5
40. Qxf5+ Kc6 41. Qc8+ Kb6 42. Bc7+ Kb5 43. Qxb7+ Kc5 44. Qb6+ Kd5 45. Qd6+ Kc4
46. Qxa6+ Kc3 47. Ba5+ 1-0

[Event "Team junior-boys chess final 2016"]
[Site "Sochi"]
[Date "2016.05.01"]
[Round "1.1"]
[White "Yarygin, Maksim"]
[Black "Kalabukhov, Bogdan"]
[Result "0-1"]
[WhiteElo "1930"]
[BlackElo "2056"]
[PlyCount "74"]
[EventDate "2016.05.01"]

1. Nf3 d5 2. g3 c5 3. Bg2 Nc6 4. d3 e6 5. O-O Bd6 6. Nbd2 Nge7 7. e4 O-O 8. c3
d4 9. Qc2 Qc7 10. Nc4 f6 11. a4 e5 12. h3 Be6 13. Nxd6 Qxd6 14. c4 b6 15. Bd2
a6 16. b3 Nb4 17. Bxb4 cxb4 18. Nd2 Nc6 19. f4 Na5 20. Kh2 Rfc8 21. fxe5 fxe5
22. Bf3 b5 23. axb5 axb5 24. Be2 bxc4 25. dxc4 Nb7 26. Bd3 Ra3 27. c5 Rxa1 28.
Rxa1 Nxc5 29. Bc4 d3 30. Qc1 Nxb3 31. Nxb3 Bxc4 32. Ra7 Qb6 33. Rd7 Qe6 34. Nc5
Rxc5 35. Rd8+ Kf7 36. Qf1+ Qf6 37. Rd7+ Ke6 0-1

[Event "Team junior-boys chess final 2016"]
[Site "Sochi"]
[Date "2016.05.01"]
[Round "1.1"]
[White "Dudin, Gleb"]
[Black "Vetokhin, Ilia"]
[Result "1-0"]
[WhiteElo "1857"]
[BlackElo "1799"]
[PlyCount "59"]
[EventDate "2016.05.01"]

1. d4 Nf6 2. Nf3 g6 3. Nc3 Bg7 4. e4 d6 5. Be3 O-O 6. Qd2 Ng4 7. Bg5 h6 8. Bh4
Nd7 9. h3 Ngf6 10. e5 Nh7 11. O-O-O g5 12. Bg3 a6 13. Bd3 dxe5 14. dxe5 e6 15.
Qe2 Re8 16. h4 g4 17. Bxh7+ Kxh7 18. Qe4+ Kh8 19. Qxg4 Qe7 20. Qh5 Kg8 21. Bf4
Qf8 22. Rh3 Kh7 23. Rg3 f6 24. Qg6+ Kh8 25. exf6 Nxf6 26. Be5 Re7 27. Ne4 Nxe4
28. Rd8 Qxd8 29. Qxh6+ Kg8 30. Rxg7+ 1-0

[Event "Team junior-boys chess final 2016"]
[Site "Sochi"]
[Date "2016.05.01"]
[Round "1.1"]
[White "Novikov, Roman"]
[Black "Dunaev, Denis"]
[Result "1-0"]
[WhiteElo "1711"]
[BlackElo "1628"]
[PlyCount "81"]
[EventDate "2016.05.01"]

1. d4 d5 2. c4 e6 3. Nc3 Nf6 4. Bg5 Be7 5. Nf3 O-O 6. e3 Nbd7 7. cxd5 exd5 8.
Bd3 c6 9. O-O Re8 10. Qc2 Nf8 11. Ne5 Ng6 12. f4 Nd7 13. Bxe7 Qxe7 14. Rf3
Ndxe5 15. fxe5 Be6 16. Raf1 Rac8 17. Qb1 a6 18. Na4 Rc7 19. b4 Ra8 20. Nc5 Rb8
21. Nxe6 Qxe6 22. Bf5 Qe7 23. e6 f6 24. Rg3 b6 25. Qd1 Qe8 26. Qh5 h6 27. Qxg6
Qxg6 28. Bxg6 Re7 29. Bf5 Rc8 30. Rc1 Rcc7 31. e4 Kf8 32. Rgc3 dxe4 33. Rxc6
Rxc6 34. Rxc6 g5 35. d5 e3 36. d6 Rb7 37. d7 Ke7 38. Rc8 Rxd7 39. exd7 e2 40.
d8=Q+ Kf7 41. Qf8# 1-0

[Event "Team junior-boys chess final 2016"]
[Site "Sochi"]
[Date "2016.05.01"]
[Round "1.2"]
[White "Golikov, Daniil"]
[Black "Shemyakin, Valeriy"]
[Result "1-0"]
[WhiteElo "2152"]
[BlackElo "2077"]
[PlyCount "69"]
[EventDate "2016.05.01"]

1. d4 Nf6 2. c4 e6 3. Nc3 Bb4 4. e3 c5 5. Nge2 d5 6. a3 Bxc3+ 7. Nxc3 cxd4 8.
exd4 b6 9. Bg5 Bb7 10. cxd5 Bxd5 11. Bb5+ Kf8 12. O-O a6 13. Be2 Bb7 14. Bf3
Bxf3 15. Qxf3 Nbd7 16. d5 e5 17. d6 h6 18. Bh4 g5 19. Bg3 Kg7 20. Rfe1 Re8 21.
Qf5 Re6 22. Rad1 Qe8 23. h4 g4 24. Nd5 Nxd5 25. Rxd5 f6 26. Qxg4+ Kh8 27. f4
Qg8 28. Qh3 Rae8 29. fxe5 fxe5 30. Kh2 h5 31. Qf5 Qg4 32. Rf1 Qxf5 33. Rxf5 Nf6
34. Rxf6 Rxf6 35. d7 1-0

[Event "Team junior-boys chess final 2016"]
[Site "Sochi"]
[Date "2016.05.01"]
[Round "1.2"]
[White "Pavlov, Danila"]
[Black "Shinkevich, Maksim"]
[Result "1/2-1/2"]
[WhiteElo "2094"]
[BlackElo "1940"]
[PlyCount "92"]
[EventDate "2016.05.01"]

1. e4 c5 2. Nf3 Nc6 3. d4 cxd4 4. Nxd4 Nf6 5. Nc3 d6 6. Bg5 e6 7. Qd2 a6 8.
O-O-O Bd7 9. f3 b5 10. h4 Be7 11. g4 Rc8 12. Nce2 Ne5 13. b3 O-O 14. Be3 Nc6
15. g5 Nh5 16. Bh3 Qa5 17. Qxa5 Nxa5 18. Bg4 g6 19. Bxh5 gxh5 20. Ng3 f5 21.
exf5 e5 22. Nde2 Bxf5 23. Nxf5 Rxf5 24. f4 Rf7 25. Kb1 Nc6 26. fxe5 dxe5 27.
Rhf1 Rxf1 28. Rxf1 Nb4 29. c3 Nd5 30. Bd2 a5 31. Kb2 a4 32. Ng3 a3+ 33. Kc2 Bb4
34. Rf3 Bxc3 35. Bxc3 b4 36. Ne4 Kg7 37. Kd2 bxc3+ 38. Nxc3 Nb4 39. Re3 Rd8+
40. Ke2 Rc8 41. Kd2 Rd8+ 42. Kc1 Rc8 43. Kd1 Rd8+ 44. Ke2 Rc8 45. Kd2 Kg6 46.
Nb5 Rc2+ 1/2-1/2

[Event "Team junior-boys chess final 2016"]
[Site "Sochi"]
[Date "2016.05.01"]
[Round "1.2"]
[White "Saratovskiy, Dmitiy"]
[Black "Zemnitskiy, Alexander"]
[Result "1/2-1/2"]
[WhiteElo "1938"]
[BlackElo "2024"]
[PlyCount "103"]
[EventDate "2016.05.01"]

1. d4 Nf6 2. c4 c5 3. d5 b5 4. cxb5 a6 5. f3 Qa5+ 6. Bd2 Qb6 7. e4 axb5 8. Qb3
d6 9. Qxb5+ Qxb5 10. Bxb5+ Bd7 11. Bc4 g6 12. Nc3 Bg7 13. Nge2 O-O 14. O-O Bc8
15. a3 Ba6 16. Bxa6 Nxa6 17. Rfb1 Rab8 18. Na2 c4 19. Nb4 Nc5 20. Nc1 Nfd7 21.
Bc3 Bh6 22. Nc6 Rbe8 23. Ra2 f5 24. exf5 Rxf5 25. b4 cxb3 26. Nxb3 Nxb3 27.
Rxb3 Rxd5 28. Re2 Nc5 29. Rb1 e6 30. Reb2 Rd3 31. Rb8 Kf8 32. Rxe8+ Kxe8 33.
Bb4 Kd7 34. Ne5+ dxe5 35. Bxc5 Kc6 36. Bb4 Bd2 37. Bxd2 Rxd2 38. Re1 Kd5 39. a4
Ra2 40. Re4 Rd2 41. h3 h5 42. h4 Kd6 43. Kh2 Rd4 44. Rxd4+ exd4 45. Kg3 Kc5 46.
Kf2 Kb4 47. Ke2 Kxa4 48. Kd3 e5 49. f4 Kb5 50. fxe5 Kc5 51. Ke4 d3 52. Kxd3
1/2-1/2

[Event "Team junior-boys chess final 2016"]
[Site "Sochi"]
[Date "2016.05.01"]
[Round "1.3"]
[White "Egorov, Alexey"]
[Black "Tsoi, Dmitry"]
[Result "0-1"]
[WhiteElo "1817"]
[BlackElo "2127"]
[PlyCount "84"]
[EventDate "2016.05.01"]

1. e4 e5 2. Nf3 Nc6 3. Bb5 a6 4. Bxc6 dxc6 5. O-O Bg4 6. h3 h5 7. d3 Qf6 8. Be3
Bd6 9. Nbd2 Qg6 10. Kh1 O-O-O 11. Re1 Nf6 12. Nf1 Be6 13. a3 c5 14. Qd2 Nd7 15.
Nh4 Qh7 16. Ng3 f6 17. Nhf5 Bf8 18. Qa5 h4 19. Ne2 g6 20. b4 gxf5 21. bxc5 Nb8
22. Rab1 Nc6 23. Qa4 fxe4 24. Rxb7 Kxb7 25. Rb1+ Kc8 26. Qxc6 Bd5 27. Qxa6+ Kd7
28. Nc3 Ra8 29. Qxf6 Bg7 30. Qg5 Bc6 31. dxe4 Ke8 32. Qg4 Kf7 33. Rd1 Qh5 34.
Rd7+ Bxd7 35. Qxd7+ Kg6 36. Nd5 Rhf8 37. f4 Kh7 38. f5 Rf7 39. Qc6 Rxa3 40. Qe8
Ra1+ 41. Kh2 Qd1 42. Nf6+ Rxf6 0-1

[Event "Team junior-boys chess final 2016"]
[Site "Sochi"]
[Date "2016.05.01"]
[Round "1.3"]
[White "Tsvetkov, Andrey"]
[Black "Maraktanov, Andrey"]
[Result "1-0"]
[WhiteElo "2036"]
[BlackElo "1839"]
[PlyCount "89"]
[EventDate "2016.05.01"]

1. d4 Nf6 2. c4 c5 3. d5 b5 4. cxb5 a6 5. b6 Qxb6 6. Nc3 d6 7. e4 g6 8. Nf3 Bg7
9. Be2 O-O 10. Nd2 Nbd7 11. a4 Bb7 12. a5 Qc7 13. Nc4 Rab8 14. O-O Ba8 15. Qc2
Rb4 16. Bd2 Qa7 17. Na4 Rbb8 18. Bc3 Ne8 19. Bxg7 Kxg7 20. Nab6 Ndf6 21. f3 Nc7
22. Na3 Rfd8 23. Qa4 Bb7 24. Kh1 Bc8 25. b4 Bd7 26. Qb3 cxb4 27. Qxb4 Be8 28.
Rfe1 Na8 29. Rab1 Nd7 30. Nac4 Nc5 31. Qc3+ Kg8 32. Nxa8 Qxa8 33. Nb6 Qa7 34.
Rb4 Rb7 35. Qe3 Kg7 36. h4 Qb8 37. h5 Qa7 38. g4 h6 39. hxg6 fxg6 40. Kg2 Bf7
41. Qd4+ Kh7 42. Rh1 Rh8 43. Rxh6+ Kxh6 44. Qxh8+ Kg5 45. Kg3 1-0

[Event "Team junior-boys chess final 2016"]
[Site "Sochi"]
[Date "2016.05.01"]
[Round "1.3"]
[White "Abramov, Ilya"]
[Black "Stukan, Martin"]
[Result "1-0"]
[WhiteElo "1939"]
[BlackElo "1956"]
[PlyCount "77"]
[EventDate "2016.05.01"]

1. d4 Nf6 2. c4 g6 3. g3 Bg7 4. Bg2 d6 5. Nc3 Nbd7 6. Nf3 O-O 7. O-O e5 8. e4
c6 9. h3 a5 10. Be3 exd4 11. Nxd4 Re8 12. Qc2 Nc5 13. Nb3 Na6 14. Rad1 Qe7 15.
Qe2 a4 16. Nxa4 Nxe4 17. Nb6 Rb8 18. Nxc8 Rbxc8 19. Rfe1 f5 20. Bd4 Bxd4 21.
Nxd4 Qf6 22. Qe3 Re5 23. Nf3 Re7 24. Nd2 d5 25. cxd5 cxd5 26. Qb3 Rd8 27. Nxe4
fxe4 28. Rxd5 Rxd5 29. Qxd5+ Rf7 30. Qd2 Nc5 31. Bxe4 Nxe4 32. Rxe4 Qf5 33.
Re8+ Kg7 34. Qd4+ Kh6 35. Re4 g5 36. g4 Qg6 37. Qe3 Kg7 38. Re6 Qb1+ 39. Kg2
1-0

[Event "Team junior-boys chess final 2016"]
[Site "Sochi"]
[Date "2016.05.01"]
[Round "1.3"]
[White "Tarasov, Danila"]
[Black "Pranizin, Evgeny"]
[Result "0-1"]
[WhiteElo "1859"]
[BlackElo "1651"]
[PlyCount "140"]
[EventDate "2016.05.01"]

1. e4 c5 2. Nf3 e6 3. d4 cxd4 4. Nxd4 Bc5 5. Nb3 Bb6 6. Nc3 Nc6 7. Be2 Nf6 8.
Bg5 h6 9. Bh4 g5 10. Bg3 d5 11. exd5 Nxd5 12. Nb5 O-O 13. h4 a6 14. hxg5 Qxg5
15. Rh5 Qg7 16. Nd6 Ne3 17. Qd2 Nxg2+ 18. Kf1 Ne3+ 19. Kg1 Qxg3+ 20. fxg3 Nc4+
21. Kg2 Nxd2 22. Nxd2 Kg7 23. Rah1 Rh8 24. g4 Bd8 25. N2e4 Nd4 26. Bd3 f6 27.
c3 Nc6 28. Rf1 Bd7 29. g5 hxg5 30. Rxh8 Kxh8 31. Nxf6 Bxf6 32. Rxf6 Ne5 33.
Rh6+ Kg7 34. Rh7+ Kg8 35. Be4 Bc6 36. Rh5 Bxe4+ 37. Nxe4 Nf7 38. Nxg5 Nxg5 39.
Rxg5+ Kf7 40. Kf3 Kf6 41. Rg2 Rh8 42. Rf2 Ke5 43. Re2+ Kd6 44. Rd2+ Kc6 45. Ke4
Rh5 46. a3 Rf5 47. a4 Rh5 48. Rg2 Rh4+ 49. Ke5 Rxa4 50. Kxe6 Re4+ 51. Kf5 Re1
52. Rg4 Re2 53. Rc4+ Kd5 54. Rd4+ Kc5 55. Rb4 b5 56. Rb3 a5 57. Ra3 Rxb2 58.
Rxa5 Rb3 59. Ke4 Rxc3 60. Ra8 Kc4 61. Rc8+ Kb3 62. Rb8 b4 63. Kd4 Rc7 64. Rd8
Kb2 65. Re8 b3 66. Re2+ Rc2 67. Re8 Kb1 68. Kd3 b2 69. Re7 Rc6 70. Rb7 Kc1 0-1

[Event "Team junior-boys chess final 2016"]
[Site "Sochi"]
[Date "2016.05.01"]
[Round "1.4"]
[White "Nesterov, Arseniy"]
[Black "Skatchkov, Valery"]
[Result "1/2-1/2"]
[WhiteElo "2273"]
[BlackElo "2146"]
[PlyCount "80"]
[EventDate "2016.05.01"]

1. d4 d5 2. c4 c6 3. e3 Nf6 4. Nf3 Bf5 5. Nc3 e6 6. Be2 h6 7. O-O Bd6 8. b3 O-O
9. Bb2 Nbd7 10. Nd2 Qe7 11. Re1 Rad8 12. g3 e5 13. cxd5 cxd5 14. dxe5 Nxe5 15.
Nf3 Nxf3+ 16. Bxf3 Be5 17. Qe2 Ne4 18. Nb5 Bxb2 19. Qxb2 Ng5 20. Bg2 Be4 21.
Nd4 Rc8 22. Rac1 Rxc1 23. Qxc1 Qd7 24. f3 Bg6 25. Qd2 Rc8 26. Rc1 Rxc1+ 27.
Qxc1 Ne6 28. Qc3 Nxd4 29. Qxd4 Qc6 30. h4 a6 31. Kh2 Kh7 32. Qe5 Qe6 33. Qc3
Qc6 34. Qxc6 bxc6 35. b4 Bd3 36. Kg1 Kg6 37. Kf2 Kf6 38. Ke1 Ke5 39. Kd2 Bc4
40. a3 Kd6 1/2-1/2

[Event "Team junior-boys chess final 2016"]
[Site "Sochi"]
[Date "2016.05.01"]
[Round "1.4"]
[White "Vdovin, Maxim"]
[Black "Poliakov, Artem"]
[Result "1/2-1/2"]
[WhiteElo "1946"]
[BlackElo "2168"]
[PlyCount "89"]
[EventDate "2016.05.01"]

1. d4 f5 2. c4 Nf6 3. Nf3 d6 4. Nc3 g6 5. g3 Bg7 6. Bg2 O-O 7. O-O c6 8. Qc2
Na6 9. b3 c5 10. e3 Rb8 11. Bb2 Bd7 12. Rfd1 Bc6 13. Rac1 Ne4 14. Nxe4 Nb4 15.
Qe2 fxe4 16. Ng5 Nd3 17. Ne6 Qa5 18. Nxf8 Rxf8 19. Rxd3 exd3 20. Qxd3 Qxa2 21.
Qc2 Qa5 22. d5 Bxb2 23. Qxb2 Bd7 24. f4 b5 25. Qc3 Qxc3 26. Rxc3 b4 27. Rc1 a5
28. Be4 a4 29. bxa4 Bxa4 30. Ra1 Ra8 31. Bc2 Bc6 32. Rxa8+ Bxa8 33. Kf2 Kf7 34.
e4 Kf6 35. Ke3 Bb7 36. g4 h6 37. h4 g5 38. hxg5+ hxg5 39. f5 Ke5 40. Bb3 Ba6
41. Ba2 Bc8 42. Bb3 Bb7 43. Bc2 Kf6 44. Kf3 Kf7 45. Ke3 1/2-1/2

[Event "Team junior-boys chess final 2016"]
[Site "Sochi"]
[Date "2016.05.01"]
[Round "1.4"]
[White "Brin, Ilya"]
[Black "Suvorov, Aleksandr"]
[Result "1-0"]
[WhiteElo "1817"]
[BlackElo "1938"]
[PlyCount "89"]
[EventDate "2016.05.01"]

1. e4 c5 2. c3 d5 3. exd5 Qxd5 4. d4 Nc6 5. Nf3 Bg4 6. Be2 cxd4 7. cxd4 e6 8.
Nc3 Qa5 9. O-O Nf6 10. a3 Be7 11. h3 Bh5 12. b4 Qd8 13. Qb3 O-O 14. Be3 Bxf3
15. Bxf3 Nxd4 16. Bxd4 Qxd4 17. Bxb7 Rab8 18. Rfd1 Qe5 19. Bf3 Bd6 20. g3 Bc5
21. Kg2 a5 22. b5 Bd4 23. Rac1 Bxc3 24. Qxc3 Qxb5 25. Qc7 a4 26. Rd4 Qb2 27.
Rxa4 e5 28. Re1 e4 29. Bxe4 Qd2 30. Rc1 Nxe4 31. Rxe4 Rb2 32. Rf4 h6 33. a4
Qd5+ 34. Kh2 g5 35. Qc3 Rfb8 36. Rf6 Ra2 37. Kg1 Rb3 38. Qc6 Qe5 39. Qc8+ Kg7
40. Rxf7+ Kxf7 41. Rc7+ Kg6 42. Qg8+ Kf5 43. Qh7+ Ke6 44. Qf7+ Kd6 45. Qd7# 1-0

[Event "Team junior-boys chess final 2016"]
[Site "Sochi"]
[Date "2016.05.01"]
[Round "1.4"]
[White "Bobkov, Vadim"]
[Black "Petrovskiy, Andrey"]
[Result "1/2-1/2"]
[WhiteElo "1887"]
[BlackElo "1616"]
[PlyCount "141"]
[EventDate "2016.05.01"]

1. d4 d5 2. c4 e6 3. Nc3 f5 4. Nf3 c6 5. Bf4 Bd6 6. e3 Nf6 7. Bd3 O-O 8. O-O b6
9. Qc2 Ne4 10. Rad1 Bb7 11. Rfe1 Qe7 12. a3 Nd7 13. b4 a5 14. c5 Bxf4 15. exf4
axb4 16. axb4 Ra3 17. Nb1 Ra7 18. Nfd2 Qf6 19. Nb3 bxc5 20. bxc5 Rfa8 21. Re2
Qf7 22. f3 Nef6 23. Nc3 Ba6 24. Nc1 Nf8 25. Bxa6 Rxa6 26. Nd3 Qc7 27. Nb4 Ra3
28. g3 N6d7 29. Rb1 Nb8 30. Qc1 Qa5 31. Ra2 Rxa2 32. Nbxa2 Nfd7 33. Rb4 Qa6 34.
Ra4 Qb7 35. Rb4 Qa6 36. Ra4 Qb7 37. Rxa8 Qxa8 38. Nb4 Qa5 39. Qb2 Kf7 40. Kf2
Ke7 41. Ke2 Kd8 42. Kd2 Kc7 43. Kc2 Na6 44. Nd3 Kc8 45. Qa2 Nb4+ 46. Nxb4 Qxb4
47. Qa4 Qxa4+ 48. Nxa4 Kb7 49. Kb3 Nf6 50. Nb6 Kc7 51. Kb4 h6 52. Na4 Kb7 53.
Ka5 Ka7 54. Nc3 Kb7 55. Ne2 Ka7 56. h3 Kb7 57. Nc1 Nh5 58. Ne2 Nf6 59. g4 g6
60. g5 hxg5 61. fxg5 Nh5 62. h4 f4 63. Kb4 Kc7 64. Nc1 Ng3 65. Nd3 Nf5 66. h5
gxh5 67. Nxf4 h4 68. Nxe6+ Kd7 69. Nf4 Nxd4 70. g6 Ke7 71. Ka5 1/2-1/2

[Event "Team junior-boys chess final 2016"]
[Site "Sochi"]
[Date "2016.05.02"]
[Round "2.1"]
[White "Tsoi, Dmitry"]
[Black "Nesterov, Arseniy"]
[Result "0-1"]
[WhiteElo "2127"]
[BlackElo "2273"]
[PlyCount "80"]
[EventDate "2016.05.01"]

1. e4 e5 2. Nf3 Nc6 3. Bb5 a6 4. Ba4 Nf6 5. O-O b5 6. Bb3 Bc5 7. c3 d6 8. d4
Bb6 9. Bg5 h6 10. Bh4 Bd7 11. a4 Rb8 12. axb5 axb5 13. Bc2 exd4 14. Nxd4 Ne5
15. Kh1 Ng6 16. Bg3 O-O 17. Nd2 Re8 18. h3 Qc8 19. f4 c5 20. N4f3 Nh5 21. Bh2
Nhxf4 22. Ng1 Ne6 23. Bxd6 Bc7 24. e5 Nxe5 25. Ne4 Bc6 26. Bxc7 Qxc7 27. Qh5
Ng6 28. Ne2 Rbd8 29. Qg4 Qb7 30. N2g3 Ng5 31. Nxg5 Bxg2+ 32. Kg1 Bxf1 33. Rxf1
hxg5 34. Ne4 Qd7 35. Qxg5 Qxh3 36. Rf2 Qh4 37. Qf5 Re7 38. Kg2 Ne5 39. Rf4 Qh6
40. Kf1 Ng6 0-1

[Event "Team junior-boys chess final 2016"]
[Site "Sochi"]
[Date "2016.05.02"]
[Round "2.1"]
[White "Poliakov, Artem"]
[Black "Tsvetkov, Andrey"]
[Result "1-0"]
[WhiteElo "2168"]
[BlackElo "2036"]
[PlyCount "85"]
[EventDate "2016.05.01"]

1. c4 c6 2. d4 d5 3. cxd5 cxd5 4. Bf4 Nc6 5. e3 Nf6 6. Nc3 Bg4 7. f3 Bd7 8. Bd3
a6 9. Nge2 e6 10. O-O Nh5 11. Bg3 Nxg3 12. hxg3 Be7 13. Rc1 Rc8 14. Bb1 Na5 15.
Kf2 b5 16. Nf4 Bd6 17. Rh1 h6 18. Nh5 O-O 19. Qd3 f5 20. g4 Qg5 21. Ne2 Nc4 22.
b3 Na3 23. Rxc8 Bxc8 24. gxf5 exf5 25. Nhf4 Nxb1 26. Qxb1 Re8 27. Nxd5 Bb7 28.
Ndf4 Qe7 29. Qd3 g5 30. Nh5 Qf7 31. Nhg3 f4 32. Nf5 fxe3+ 33. Qxe3 Bf8 34. Qd3
Qe6 35. Nfg3 Bd6 36. Rd1 Rf8 37. d5 Qf7 38. Ne4 Be5 39. Nc5 Bc8 40. d6 g4 41.
d7 gxf3 42. Qxf3 Qe7 43. dxc8=R 1-0

[Event "Team junior-boys chess final 2016"]
[Site "Sochi"]
[Date "2016.05.02"]
[Round "2.1"]
[White "Stukan, Martin"]
[Black "Brin, Ilya"]
[Result "0-1"]
[WhiteElo "1956"]
[BlackElo "1817"]
[PlyCount "92"]
[EventDate "2016.05.01"]

1. e4 c5 2. Nf3 Nc6 3. d4 cxd4 4. Nxd4 Nf6 5. Nc3 e5 6. Ndb5 d6 7. Bg5 a6 8.
Na3 b5 9. Nd5 Be7 10. Bxf6 Bxf6 11. c3 Bg5 12. Nc2 O-O 13. h4 Bh6 14. g3 Be6
15. Bh3 Ne7 16. Nce3 Bxe3 17. Nxe3 Bxh3 18. Rxh3 f5 19. Nxf5 Nxf5 20. exf5 Rxf5
21. Qd5+ Kh8 22. g4 Rf4 23. g5 Rc8 24. Rd1 Qf8 25. Rd2 Qf5 26. Rhd3 Rxh4 27.
Kd1 Qxg5 28. Qxd6 Qg4+ 29. Re2 Rh1+ 30. Kd2 Qf4+ 31. Rde3 Qa4 32. Re1 Rxe1 33.
Rxe1 Qxa2 34. Kc2 Qf7 35. Re2 Qf5+ 36. Kc1 e4 37. Qxa6 b4 38. Rxe4 bxc3 39.
bxc3 Rxc3+ 40. Kd2 Qxe4 41. Kxc3 h5 42. Kd2 Kh7 43. Qf1 h4 44. f4 Kh6 45. f5
Kg5 46. Qg1+ Qg4 0-1

[Event "Team junior-boys chess final 2016"]
[Site "Sochi"]
[Date "2016.05.02"]
[Round "2.1"]
[White "Petrovskiy, Andrey"]
[Black "Tarasov, Danila"]
[Result "0-1"]
[WhiteElo "1616"]
[BlackElo "1859"]
[PlyCount "70"]
[EventDate "2016.05.01"]

1. e4 c5 2. Nc3 Nc6 3. f4 d6 4. Nf3 g6 5. Bb5 Bd7 6. O-O Bg7 7. d3 e6 8. Qe1
Nge7 9. Bxc6 Bxc6 10. Rb1 Rc8 11. Bd2 O-O 12. Qh4 d5 13. Rbd1 b5 14. e5 Nf5 15.
Qf2 b4 16. Ne2 h5 17. d4 a5 18. dxc5 Bb5 19. Rfe1 Qc7 20. c3 bxc3 21. Bxc3 Bxe2
22. Rxe2 Qxc5 23. Qxc5 Rxc5 24. Nd4 Nxd4 25. Rxd4 Rb8 26. Kf2 Bf8 27. Ra4 Rbb5
28. Ke3 Be7 29. Kd3 Kf8 30. g3 Ke8 31. b4 Rc4 32. Rxa5 Rxc3+ 33. Kd2 Rxa5 34.
Kxc3 Ra3+ 35. Kb2 Bxb4 0-1

[Event "Team junior-boys chess final 2016"]
[Site "Sochi"]
[Date "2016.05.02"]
[Round "2.2"]
[White "Pavlov, Danila"]
[Black "Maraktanov, Andrey"]
[Result "1-0"]
[WhiteElo "2094"]
[BlackElo "1839"]
[PlyCount "57"]
[EventDate "2016.05.01"]

1. e4 c5 2. Nf3 g6 3. d4 cxd4 4. Nxd4 Bg7 5. Nc3 Nc6 6. Be3 Nf6 7. Nxc6 bxc6 8.
e5 Ng8 9. Bd4 Qc7 10. f4 f6 11. exf6 Nxf6 12. Qf3 Bb7 13. Bc4 d5 14. Bb3 O-O
15. Be5 Qb6 16. O-O-O Kh8 17. Bd4 Qc7 18. Rhe1 Nh5 19. Bxg7+ Nxg7 20. Qe3 Rxf4
21. Qxe7 Rf7 22. Qc5 Qxh2 23. Kb1 Qxg2 24. Ne4 Ne8 25. Qc3+ Kg8 26. Nc5 Rc8 27.
Nxb7 Rxb7 28. Bxd5+ cxd5 29. Qxc8 1-0

[Event "Team junior-boys chess final 2016"]
[Site "Sochi"]
[Date "2016.05.02"]
[Round "2.2"]
[White "Abramov, Ilya"]
[Black "Koren, Vladimir"]
[Result "1-0"]
[WhiteElo "1939"]
[BlackElo "1826"]
[PlyCount "59"]
[EventDate "2016.05.01"]

1. d4 d5 2. c4 e6 3. Nc3 Nf6 4. Bg5 Be7 5. e3 O-O 6. Nf3 h6 7. Bh4 b6 8. cxd5
Nxd5 9. Bxe7 Qxe7 10. Nxd5 exd5 11. Bd3 Be6 12. O-O Nd7 13. Rc1 c5 14. e4 Rac8
15. Re1 Qf6 16. exd5 Bxd5 17. Ne5 Nxe5 18. dxe5 Qg5 19. g3 Rfd8 20. Qe2 Bb7 21.
f4 Qe7 22. Bf5 Rb8 23. e6 Kh8 24. Qh5 Qf6 25. exf7 Qd4+ 26. Kf1 Ba6+ 27. Kg2
Qd5+ 28. Kh3 Qc6 29. Re6 Qd5 30. Rxh6+ 1-0

[Event "Team junior-boys chess final 2016"]
[Site "Sochi"]
[Date "2016.05.02"]
[Round "2.2"]
[White "Babunov, Alexander"]
[Black "Pranizin, Evgeny"]
[Result "1-0"]
[WhiteElo "1780"]
[BlackElo "1651"]
[PlyCount "103"]
[EventDate "2016.05.01"]

1. d4 Nf6 2. c4 g6 3. Nc3 Bg7 4. e4 d6 5. Nge2 O-O 6. Ng3 a6 7. Be2 h5 8. Bg5
c5 9. d5 b5 10. Qd2 b4 11. Nd1 Nbd7 12. O-O Nh7 13. Be3 Ne5 14. f4 Ng4 15. Bxg4
Bxg4 16. Nf2 Nf6 17. h3 Bc8 18. Rad1 Kh7 19. Rfe1 Qc7 20. e5 Ne8 21. Nd3 dxe5
22. fxe5 Bxe5 23. Nxe5 Qxe5 24. Bh6 Qxg3 25. Bxf8 g5 26. Qf2 Qxf2+ 27. Kxf2 Nd6
28. Bxe7 Nxc4 29. d6 Bd7 30. b3 Nb6 31. Bxg5 Kg6 32. Be3 Rc8 33. Rc1 Nd5 34.
Bxc5 Nf4 35. Re3 Bf5 36. Kg1 Nd3 37. d7 Rd8 38. Rg3+ Kh7 39. Rf1 Bg6 40. Rxf7+
Bxf7 41. Rxd3 Be6 42. Rd6 Bf5 43. Rxa6 Rxd7 44. Rd6 Rxd6 45. Bxd6 Bb1 46. a3
bxa3 47. Bxa3 Be4 48. b4 Kg6 49. Kf2 h4 50. g3 Kh5 51. g4+ Kg6 52. b5 1-0

[Event "Team junior-boys chess final 2016"]
[Site "Sochi"]
[Date "2016.05.02"]
[Round "2.2"]
[White "Scheritsa, Semen"]
[Black "Saratovskiy, Dmitiy"]
[Result "0-1"]
[WhiteElo "1671"]
[BlackElo "1938"]
[PlyCount "94"]
[EventDate "2016.05.01"]

1. d4 f5 2. c4 Nf6 3. Nf3 g6 4. g3 Bg7 5. Bg2 O-O 6. O-O d6 7. b3 e5 8. dxe5
dxe5 9. Bb2 e4 10. Nfd2 Qe8 11. e3 Nc6 12. Nc3 Be6 13. a3 a6 14. Qc2 Ne5 15.
Ne2 Nd3 16. Bc3 c5 17. Nf4 Rd8 18. Rad1 Bf7 19. Nxd3 Rxd3 20. Bxe4 Rxc3 21.
Qxc3 Nxe4 22. Qc2 Nc3 23. Rde1 Qd7 24. Nb1 Ne4 25. f3 Ng5 26. Nc3 Qc6 27. Kg2
b5 28. h4 Ne6 29. Nd5 Re8 30. Rd1 Nc7 31. Qd3 bxc4 32. bxc4 Nxd5 33. cxd5 Qa4
34. Rc1 Rc8 35. Rc4 Qb5 36. Rb1 Qd7 37. e4 fxe4 38. fxe4 Bd4 39. Rb6 Re8 40.
Kh2 Qg4 41. Rc2 Rxe4 42. Rb3 Bxd5 43. Rb8+ Kg7 44. Qf1 Bf6 45. Rf2 Be5 46. Qd3
Qxh4+ 47. Kg1 Qh1+ 0-1

[Event "Team junior-boys chess final 2016"]
[Site "Sochi"]
[Date "2016.05.02"]
[Round "2.3"]
[White "Sokolov, Nikita Dm"]
[Black "Golikov, Daniil"]
[Result "1-0"]
[WhiteElo "2126"]
[BlackElo "2152"]
[PlyCount "57"]
[EventDate "2016.05.01"]

1. d4 d5 2. c4 c6 3. Nc3 Nf6 4. e3 e6 5. Nf3 Nbd7 6. Bd3 dxc4 7. Bxc4 b5 8. Bd3
a6 9. e4 c5 10. e5 cxd4 11. Ne2 Nd5 12. Nexd4 Nc5 13. Be2 Bb7 14. Bg5 Be7 15.
Bxe7 Qxe7 16. O-O O-O 17. Qd2 h6 18. Rfd1 Rac8 19. Rac1 Rc7 20. g3 f6 21. Bf1
fxe5 22. Nxe5 Ne4 23. Qe2 Rxc1 24. Rxc1 Qg5 25. Qxe4 Qxc1 26. Nxe6 Rf6 27. Ng4
Rf7 28. Qg6 Ne7 29. Nf6+ 1-0

[Event "Team junior-boys chess final 2016"]
[Site "Sochi"]
[Date "2016.05.02"]
[Round "2.3"]
[White "Shinkevich, Maksim"]
[Black "Yarygin, Maksim"]
[Result "1-0"]
[WhiteElo "1940"]
[BlackElo "1930"]
[PlyCount "53"]
[EventDate "2016.05.01"]

1. d4 Nf6 2. c4 g6 3. Nc3 d5 4. cxd5 Nxd5 5. e4 Nxc3 6. bxc3 Bg7 7. Bc4 c5 8.
Ne2 O-O 9. O-O Nc6 10. Be3 Bg4 11. f3 Bd7 12. Qd2 Qc7 13. Rac1 Rfd8 14. Bf4 Qc8
15. Qe3 e6 16. Rfd1 Re8 17. e5 Na5 18. Bd3 a6 19. Ng3 Bc6 20. dxc5 Bf8 21. Qf2
Ba4 22. Ne4 Bxd1 23. Nf6+ Kh8 24. Qh4 h5 25. Nxh5 Bxc5+ 26. Kh1 Bf2 27. Qf6+
1-0